Udržitelný cestovní ruch principy, certifikace a měření
Gespeichert in:
| 1. Verfasser: | |
|---|---|
| Format: | Buch |
| Sprache: | Tschechisch |
| Veröffentlicht: |
Olomouc
Univerzita Palackého v Olomouci
2015
|
| Ausgabe: | 1. vydání |
| Schlagworte: | |
| Tags: |
Keine Tags, Fügen Sie das erste Tag hinzu!
|
MARC
| LEADER | 00000nam a2200000 4500 | ||
|---|---|---|---|
| 001 | 0258379 | ||
| 005 | 20240313090539.1 | ||
| 020 | |a 978-80-244-4576-2 | ||
| 041 | 0 | |a cze | |
| 044 | |a CZ | ||
| 245 | 1 | 0 | |a Udržitelný cestovní ruch |b principy, certifikace a měření |c Lucie Sára Závodná |
| 250 | |a 1. vydání | ||
| 264 | 1 | |a Olomouc |b Univerzita Palackého v Olomouci |c 2015 | |
| 300 | |a 107 s. | ||
| 610 | 2 | 0 | |a ruch cestovný |
| 610 | 2 | 0 | |a turistika |
| 610 | 2 | 0 | |a agroturistika |
| 610 | 2 | 0 | |a ekológia |
| 610 | 2 | 0 | |a certifikáty |
| 610 | 2 | 0 | |a kódexy etické |
| 610 | 2 | 0 | |a ukazovatele |
| 610 | 2 | 0 | |a Česko |
| 100 | 1 | |a Závodná, Lucie Sára | |